| 000 | 00361nam a2200145Ia 4500 | ||
|---|---|---|---|
| 999 |
_c522958 _d522958 |
||
| 005 | 20190129123309.0 | ||
| 008 | 190125s9999 xx 000 0 und d | ||
| 040 | _cDLC | ||
| 082 |
_a388.1 _bHIG |
||
| 100 |
_aNRC _913257 |
||
| 245 | _aHighway capacity manual / | ||
| 260 |
_bHighway Research Board _aWashington _c1965 |
||
| 300 | _axx,411p. | ||
| 942 |
_2ddc _cBK |
||